| 000 | 00883nam a2200265Ia 4500 | ||
|---|---|---|---|
| 008 | 180523s9999 xx 000 0 und d | ||
| 020 | _a 0-8213-5848-0 | ||
| 050 | _aMAIN RC 606.7 | ||
| 050 | _b.B38 2004 | ||
| 245 | 0 | _aBattling HIV/AIDS : | |
| 245 | 2 | _ba decision maker's guide to the procurement of medicines and related supplies / | |
| 245 | 0 | _cYolanda Tayler, editor. | |
| 260 | _aWashington D.C. : | ||
| 260 | _bWorld Bank, | ||
| 260 | _c2004 | ||
| 300 | _a152 pages : | ||
| 300 | _billustrations ; | ||
| 300 | _c23 cm. | ||
| 500 | _aIncludes index. | ||
| 650 | _aAntiretroviral agents -- Purchasing. | ||
| 650 | _aHIV infections -- Chemotherapy -- Economic aspects. | ||
| 650 | _aPharmaceutical policy -- Devloping countries. | ||
| 650 | _xAIDS (Disease) -- Chemotherapy -- Economic aspects. | ||
| 650 | _xPharmaceutical industry -- Developing countries. | ||
| 999 |
_c357645 _d357645 |
||